|
|
|
|
| LEADER |
02475nam a2200349 a 4500 |
| 001 |
0017837 |
| 008 |
090629s1998 gw a bc 000 0 eng d |
| 010 |
|
|
|a \\\99510599
|
| 020 |
|
|
|a 3931936155
|
| 020 |
|
|
|a 8881183951
|
| 040 |
|
|
|a OHX
|c OHX
|d EZK
|d WAU
|d DLC
|
| 082 |
0 |
0 |
|a 749.20490747452
|2 20
|
| 245 |
0 |
0 |
|a Mies van der Rohe :
|b architecture and design in Stuttgart, Barcelona, Brno /
|c editors, Alexander von Vegesack, Matthias Kries.
|
| 260 |
|
|
|a Milan :
|b Skira ;
|a Weil am Rhein :
|b Vitra Design Museum,
|c c1998.
|
| 300 |
|
|
|a 217 p. :
|b ill. (some col.) ;
|c 25 x 30 cm.
|
| 500 |
|
|
|a "A Vitra Design Museum exhibition in collaboration with the Weissenhof-Institut at the Staatliche Akademie der Bildenden Künste, Stuttgart, and the Fundació Mies van der Rohe, Barcelona."--Colophon.
|
| 505 |
0 |
|
|a Introduction / Alexander von Begesack and Matthias Kries --Furniture -- From mass production to design classic: Mies van der Rohe's metal furniture / Dr. Otakar Mác̆el -- Mies's designs in production at Thonet / Jutt Sachsenröder -- Mies's designs in production at Knoll / Carl Magnusson -- Catalogue -- Projects -- The Weissenhof estate in Stuttgart / Karin Schulte -- The German pavilion in Barcelona / Dr. Wolf Tegethoff -- The Villa Tugendhat in Brno / Dr. Lenka Kudelková and Dr. Otakar Mác̆el -- Encountering Mies van der Rohe / Werner Blaser -- Biography.
|
| 526 |
|
|
|a ARC
|x Md. Shajjad Hossain,
Faculty members of the Department of Architecture
|
| 541 |
1 |
|
|e 0017837
|a Zeenat Book Supply Limited
|
| 600 |
1 |
0 |
|a Mies van der Rohe, Ludwig,
|d 1886-1969
|v Exhibitions.
|9 31951
|
| 650 |
|
0 |
|a Furniture design
|v Exhibitions.
|9 31952
|
| 650 |
|
0 |
|a Architecture, Modern
|y 20th century
|v Exhibitions.
|9 31953
|
| 700 |
1 |
|
|a Mies van der Rohe, Ludwig,
|d 1886-1969.
|9 31954
|
| 700 |
1 |
|
|a Vegesack, Alexander von.
|9 31955
|
| 700 |
1 |
|
|a Kries, Matthias.
|9 31956
|
| 710 |
2 |
|
|a Vitra Design Museum.
|9 31957
|
| 710 |
2 |
|
|a Staatliche Akademie der Bildenden Künste Stuttgart.
|b Institut für Innenarchitektur und Möbeldesign.
|9 31958
|
| 710 |
2 |
|
|a Mies van der Rohe Foundation.
|9 31959
|
| 852 |
4 |
|
|a Ayesha Abed Library
|c General Stacks
|
| 942 |
|
|
|2 ddc
|c BK
|
| 999 |
|
|
|c 1881
|d 1881
|
| 952 |
|
|
|0 0
|1 0
|2 ddc
|4 0
|6 749_204907474520000_MIE_1998
|7 0
|9 1724
|a BRACUL
|b BRACUL
|c GEN
|d 2009-06-29
|e Zeenat Book Supply Limited
|g 4320.00
|l 12
|m 38
|o 749.20490747452 MIE
|p 3010017837
|r 2026-03-29
|s 2026-03-08
|t 1
|w 2009-06-29
|y BK
|x Requisitioned by Md. Shajjad Hossain (Faculty members of the Department of Architecture).
|